Statistiken für Länder, die diese Regionen teilen #3

Klicken Sie hier um das Quiz zu spielen!

Allgemein

  • Dieses Quiz wurde 272 mal gespielt
  • Das Durchschnittsergebnis liegt bei 19 aus 24

Antwortstatistiken

RegionLand% Korrekt
KatalonienSpanien
99%
SchlesienDeutschland
98%
SchlesienPolen
97%
Koreanische HalbinselNordkorea
96%
Koreanische HalbinselSüdkorea
96%
NeuguineaPapua-Neuguinea
95%
KatalonienFrankreich
94%
NeuguineaIndonesien
89%
HispaniolaHaiti
87%
SchlesienTschechien
87%
HispaniolaDominikanische Republik
83%
LevanteTürkei
82%
LevanteIsrael
80%
LevanteSyrien
80%
LevanteIrak
76%
LevanteJordanien
76%
LevanteLibanon
75%
EpirusGriechenland
69%
LevanteÄgypten
68%
LevanteZypern
61%
PeipusseeRussland
59%
EpirusAlbanien
49%
LevantePalästinensische Gebiete
39%
PeipusseeEstland
34%

Verteilung der Resultate

Perzentil nach korrekt beantworteten Fragen

Anzahl Personen mit jedem Resultat

Ihre Resultats-Entwicklung

Sie haben dieses Quiz noch nicht gespielt